<?xml version="1.0" encoding="UTF-8"?><?xml-stylesheet type="text/xsl" href="static/style.xsl"?><OAI-PMH xmlns="http://www.openarchives.org/OAI/2.0/" xmlns:xsi="http://www.w3.org/2001/XMLSchema-instance" xsi:schemaLocation="http://www.openarchives.org/OAI/2.0/ http://www.openarchives.org/OAI/2.0/OAI-PMH.xsd"><responseDate>2026-06-29T02:47:50Z</responseDate><request verb="GetRecord" identifier="oai:docta.ucm.es:20.500.14352/120336" metadataPrefix="marc">https://docta.ucm.es/rest/oai/request</request><GetRecord><record><header><identifier>oai:docta.ucm.es:20.500.14352/120336</identifier><datestamp>2025-05-21T23:50:24Z</datestamp><setSpec>com_20.500.14352_14</setSpec><setSpec>col_20.500.14352_15</setSpec></header><metadata><record xmlns="http://www.loc.gov/MARC21/slim" xmlns:dcterms="http://purl.org/dc/terms/" xmlns:xsi="http://www.w3.org/2001/XMLSchema-instance" xmlns:doc="http://www.lyncode.com/xoai" xsi:schemaLocation="http://www.loc.gov/MARC21/slim http://www.loc.gov/standards/marcxml/schema/MARC21slim.xsd">
   <leader>00925njm 22002777a 4500</leader>
   <datafield ind2=" " ind1=" " tag="042">
      <subfield code="a">dc</subfield>
   </datafield>
   <datafield ind2=" " ind1=" " tag="720">
      <subfield code="a">Figueirôa, Silvia</subfield>
      <subfield code="e">author</subfield>
   </datafield>
   <datafield ind2=" " ind1=" " tag="260">
      <subfield code="c">1995</subfield>
   </datafield>
   <datafield ind2=" " ind1=" " tag="520">
      <subfield code="a">Los 'geólogos', estrictamente hablando, existen en Brasil desde fines de la década del cincuenta del presente siglo cuando comenzaron a fundarse las escuelas de geología. Sin embargo, las ciencias geológicas fueron reconocidas institucionalmente desde fines del siglo XVIII, cuando el gobierno portugués decidió enviar dos brasileños y un portugués a recorrer Europa con el objetivo de actualizar el conocimiento y la tecnología relacionados con la minería. La transferencia de la familia real y de la corte de Lisboa a Río de Janeiro en 1808 - un hecho peculiar en la historia y totalmente diferente respecto de lo ocurrido en otros imperios- implicó la creación de varias instituciones, incluyendo las científicas, para proveer de infraestructura al nuevo centro del reino portugués.</subfield>
   </datafield>
   <datafield ind1="8" ind2=" " tag="024">
      <subfield code="a">Figueirôa, S., Escuelas de Ingeniería como "loci" institucionales de las Ciencias Geológicas en Brasil durante el siglo XIX, Antilia, Vol. I Artículo 1, 1995.</subfield>
   </datafield>
   <datafield ind1="8" ind2=" " tag="024">
      <subfield code="a">1136-2049</subfield>
   </datafield>
   <datafield ind1="8" ind2=" " tag="024">
      <subfield code="a">https://hdl.handle.net/20.500.14352/120336</subfield>
   </datafield>
   <datafield ind2="0" ind1="0" tag="245">
      <subfield code="a">Escuelas de Ingeniería como "loci" institucionales de las Ciencias Geológicas en Brasil durante el siglo XIX</subfield>
   </datafield>
</record></metadata></record></GetRecord></OAI-PMH>